00782nam a2200229 4500003000900000020001500009020001800024040002800042082001400070100004200084245010400126260002900230300002100259650001600280650001800296650002100314650002000335650003200355942001200387999001700399952013600416CO-ViMGA a9584240838 a9789584240835 aCO-ViMGAbspacCO-ViMGA04a170bL46s1 aLinero Gómez, Alberto.d1968-9615110aSin libertad no hay amor:bcómo ser una persona independiente y feliz /c Alberto Linero Gómez. aColombia:bDiana,c2015. a172 p. ;b23 cm.14aAmor.9268414aÉtica.947414aFelicidad.9615214aLibertad.9615314aPsicología aplicada.9431 cBK2ddc c37456d37456 00102ddc40708003aMEVIECARbMEVIECARd2016-09-14l5m6o170 L46sp30754r2019-02-25 00:00:00s2018-09-19tEj. 1w2016-09-14yBK